| 000 | 01598cam a22004094a 4500 | ||
|---|---|---|---|
| 001 | 12024486 | ||
| 003 | OSt | ||
| 005 | 20180116192407.0 | ||
| 008 | 000530s1999 enka | bf 001 0 eng | ||
| 010 | _a 00042905 | ||
| 020 | _a0632037768 (hb) | ||
| 020 | _a0632057718 (pbk.) | ||
| 020 | _a9780632057719 | ||
| 040 |
_aDLC _cDLC _dDLC |
||
| 041 | 1 |
_aeng _hger |
|
| 042 | _apcc | ||
| 050 | 0 | 0 |
_aTH151 _b.N513 2000 |
| 082 | 0 | 0 |
_a721 _221 |
| 100 | 1 |
_aNeufert, Ernst. _97156 |
|
| 240 | 1 | 0 |
_aBauentwurfslehre. _lEnglish |
| 245 | 1 | 0 |
_aArchitects' data / _cErnst and Peter Neufert. |
| 250 |
_a3rd ed. / _bedited by Bousmaha Baiche and Nicholas Walliman. |
||
| 260 |
_aOxford ; _aMalden, MA : _bBlackwell Science, _c2000. |
||
| 300 |
_aix, 636 p. : _bill. ; _c30 cm. |
||
| 504 | _aIncludes bibliographical references (p. 589-594) and index. | ||
| 650 | 0 |
_aBuilding _vHandbooks, manuals, etc. _97157 |
|
| 650 | 0 |
_aBuilding _xPlanning _vHandbooks, manuals, etc. _97158 |
|
| 650 | 0 |
_aArchitecture _vHandbooks, manuals, etc. _97159 |
|
| 700 | 1 |
_aNeufert, Peter. _97160 |
|
| 700 | 1 |
_aBaiche, Bousmaha. _97161 |
|
| 700 | 1 |
_aWalliman, Nicholas. _97162 |
|
| 906 |
_a7 _bcbc _corignew _d1 _eocip _f19 _gy-gencatlg |
||
| 942 |
_2ddc _cBK |
||
| 999 |
_c353443 _d353443 |
||